WWAFA, WDWG? - Billie Eilish - Statistiques

Statistiques générales
  • Ce quiz a été pris 127 fois
  • Le résultat moyen est 11 sur 14
Statistiques - réponses
Hint Réponse % Correct
1 !!!!!!!
100%
2 bad guy
97%
3 xanny
86%
13 I love you
84%
5 all the good girls go to hell
83%
14 goodbye
83%
8 8
80%
10 bury a friend
79%
4 you should see me in a crown
78%
12 listen before I go
77%
7 when the party's over
77%
6 wish you were gay
76%
11 ilomilo
74%
9 my strange addiction
66%
Aucun quiz correspondant
Distribution des résultats
% des personnes avec chaque résultat
Percentile par nombre de réponses
Votre historique - résultats
Vous n’avez pas pris ce quiz